Altered Flags - Part 4 - Statistics

General Stats
  • This quiz has been taken 72 times
  • The average score is 12 of 20
Answer Stats
Question Answer % Correct
Unaltered
88%
Altered
75%
Altered
75%
Altered
75%
Altered
75%
Altered
75%
Unaltered
75%
Unaltered
75%
Altered
63%
Altered
63%
Altered
63%
Unaltered
63%
Unaltered
63%
Unaltered
63%
Unaltered
63%
Altered
50%
Unaltered
50%
Unaltered
38%
Altered
25%
Altered
13%
No matching quizzes found
Score Distribution
Percent of People with Each Score
Percentile by Number Answered
Your Score History
You have not taken this quiz